| 000 | 00999cab a2200289 4500 | ||
|---|---|---|---|
| 001 | WB3223-27 | ||
| 008 | 090401t1996 xxu||||| |||| 00| 0 eng d | ||
| 035 | _a(Sirsi) u27683 | ||
| 041 | _aeng | ||
| 245 | _aTruth behind housing market myths | ||
| 260 | _c1996 | ||
| 350 | _a0 | ||
| 490 |
_aTimes _v12 June 1996, 25(3) |
||
| 520 | _aAnalyses socio-economic factors affecting the UK housing market including affordability, house price/income ratios, inflation, interest rates, owner occupation and the lack of a private rented sector. International comparison of owner occupation and rented housing. | ||
| 650 | _aAFFORDABILITY | ||
| 650 | _aHOUSE PRICES | ||
| 650 | _aHOUSING MARKET | ||
| 650 | _aINCOME RATIOS | ||
| 650 | _aINFLATION | ||
| 650 | _aINTEREST RATES | ||
| 650 | _aOWNER-OCCUPATION | ||
| 650 | _aPRIVATE RENTED SECTOR | ||
| 650 | _aPUBLIC RENTED SECTOR | ||
| 690 | _aPROPERTY-RESIDENTIAL PROPERTY-RESIDENTIAL PROPERTY MARKET | ||
| 942 | _n0 | ||
| 948 | _c04/03/1997 | ||
| 999 |
_c18643 _d18643 |
||